[Event "JUG-ch1 Sen corr"]
[Site "Yugoslavia"]
[Date "1999.??.??"]
[Round "6"]
[White "Djuric, Nenad"]
[Black "Perovic, Miodrag"]
[Result "1-0"]
[WhiteElo "2250"]
[BlackElo "2100"]
[PlyCount "47"]
[EventDate "1999.01.15"]
[EventType "tourn (corr)"]
[EventRounds "12"]
[EventCountry "YUG"]
[SourceTitle "Corr 2002"]
[Source "ChessBase"]
[SourceDate "2002.05.23"]
[SourceVersion "1"]
[SourceVersionDate "2002.05.23"]
[SourceQuality "1"]

1. e4 e6 2. d4 d5 3. Nc3 Bb4 4. e5 c5 5. a3 Bxc3+ 6. bxc3 Ne7 7. Qg4 Qc7 8. Bd3 cxd4 9. Ne2 dxc3 10. Qxg7 Rg8 11. Qxh7 Nbc6 12. Bf4 Bd7 13. Bg3 0-0-0 14. 0-0 Rdf8 15. Rfe1 Qa5 16. Reb1 a6 17. Rb3 d4 18. Rab1 b5 19. f4 b4 20. axb4 Qa4 21. Qe4 Nf5 22. Bf2 Nb8 23. b5 a5 24. Nxc3 1-0

[Event "JUG-ch1 Sen corr"]
[Site "Yugoslavia"]
[Date "1999.??.??"]
[Round "7"]
[White "Perovic, Miodrag"]
[Black "Brajovic, Spasoje"]
[Result "1/2-1/2"]
[WhiteElo "2100"]
[BlackElo "2250"]
[PlyCount "52"]
[EventDate "1999.01.15"]
[EventType "tourn (corr)"]
[EventRounds "12"]
[EventCountry "YUG"]
[SourceTitle "Corr 2002"]
[Source "ChessBase"]
[SourceDate "2002.05.23"]
[SourceVersion "1"]
[SourceVersionDate "2002.05.23"]
[SourceQuality "1"]

1. Nf3 Nf6 2. g3 d5 3. Bg2 g6 4. 0-0 Bg7 5. d4 0-0 6. c4 c6 7. cxd5 cxd5 8. Nc3 Nc6 9. Ne5 e6 10. Bg5 h6 11. Bxf6 Bxf6 12. Nxc6 bxc6 13. Na4 Qa5 14. Nc5 Rb8 15. Nb3 Qb6 16. Qd2 Kg7 17. Rfb1 Be7 18. e3 Bb4 19. Qd1 a5 20. a3 Bd6 21. Nd2 e5 22. Qa4 exd4 23. Qxd4+ Qxd4 24. exd4 Re8 25. b3 Re2 26. Rb2 Re7 1/2-1/2

[Event "JUG-ch1 Sen corr"]
[Site "Yugoslavia"]
[Date "1999.??.??"]
[Round "11"]
[White "Perovic, Miodrag"]
[Black "Kurtovic, Vojislav"]
[Result "1/2-1/2"]
[WhiteElo "2100"]
[BlackElo "2250"]
[PlyCount "72"]
[EventDate "1999.01.15"]
[EventType "tourn (corr)"]
[EventRounds "12"]
[EventCountry "YUG"]
[SourceTitle "Corr 2002"]
[Source "ChessBase"]
[SourceDate "2002.05.23"]
[SourceVersion "1"]
[SourceVersionDate "2002.05.23"]
[SourceQuality "1"]

1. Nf3 d5 2. d4 Nf6 3. c4 dxc4 4. e3 Bg4 5. Bxc4 e6 6. 0-0 Nbd7 7. Nc3 Bd6 8. e4 e5 9. Be3 0-0 10. h3 Bh5 11. Rc1 Re8 12. d5 Bg6 13. Nd2 Bc5 14. Qe2 Bxe3 15. Qxe3 a6 16. a4 Qe7 17. a5 b5 18. Be2 Qb4 19. Ra1 Nc5 20. f3 Nb7 21. Ra3 Nd7 22. Nb3 Rac8 23. Na2 Qd6 24. Rc1 c5 25. dxc6 Rxc6 26. Rxc6 Qxc6 27. Nb4 Qd6 28. Qc3 f6 29. Ra1 Qb8 30. Rc1 Nxa5 31. Nxa6 Qb6+ 32. Nbc5 Rc8 33. b4 Nb7 34. Kh2 Ndxc5 35. Nxc5 Bf7 36. Qa3 Nd6 1/2-1/2

[Event "JUG-ch1 Sen corr"]
[Site "Yugoslavia"]
[Date "1999.??.??"]
[Round "1"]
[White "Prodanovic, Milijan"]
[Black "Perovic, Miodrag"]
[Result "1-0"]
[WhiteElo "2300"]
[BlackElo "2100"]
[PlyCount "83"]
[EventDate "1999.01.15"]
[EventType "tourn (corr)"]
[EventRounds "12"]
[EventCountry "YUG"]
[SourceTitle "Corr 2002"]
[Source "ChessBase"]
[SourceDate "2002.05.23"]
[SourceVersion "1"]
[SourceVersionDate "2002.05.23"]
[SourceQuality "1"]

1. d4 Nf6 2. c4 e6 3. Nc3 Bb4 4. e3 b6 5. Nf3 Bb7 6. Bd3 c5 7. Bd2 d5 8. cxd5 Nxd5 9. Nxd5 Bxd2+ 10. Qxd2 Bxd5 11. dxc5 bxc5 12. Bb5+ Ke7 13. Qc3 Qb6 14. Bc4 Bxc4 15. Qxc4 Qb4+ 16. Qxb4 cxb4 17. Rc1 Nd7 18. Ke2 Rhc8 19. Nd4 Rxc1 20. Rxc1 a5 21. Rc6 Kd8 22. Kd2 Nb8 23. Rc5 Ra6 24. Kc2 Ra7 25. Kb3 a4+ 26. Kc4 Kd7 27. Rh5 a3 28. b3 h6 29. Kxb4 f5 30. Rh4 Na6+ 31. Kb5 Nc7+ 32. Kc4 Nd5 33. Nc2 Rc7+ 34. Kd3 e5 35. e4 Rxc2 36. Kxc2 Nb4+ 37. Kb1 Nd3 38. Rh3 Nxf2 39. Rf3 Nxe4 40. Rxf5 Nc3+ 41. Kc2 Nb5 42. Rf7+ 1-0